Loading...

P Surendran: theranjedutha kathakal

Bibliografiske detaljer
Hovedforfatter: Surendran P
Format: Printed Book
Udgivet: New Delhi D C Books 2013
Fag:
LEADER 00545nam a22001697a 4500
020 |a 978-81-264-4141-9 
082 |a M301  |b SUR/T 
100 |a Surendran P 
245 |a P Surendran: theranjedutha kathakal 
260 |a New Delhi  |b D C Books  |c 2013 
300 |a 565p. 
650 |a Stories Malayalam 
650 |a Literature Malayalam 
650 |a Literature 
942 |c BK 
999 |c 52967  |d 52967 
952 |0 0  |1 0  |4 0  |6 M_301_000000000000000_SUR_T  |7 0  |9 76744  |a SSUS  |b SSUS  |c STACKS  |d 2015-05-18  |g 325.00  |l 1  |o M301 SUR/T  |p 075590  |r 2016-12-01  |s 2016-11-08  |w 2015-05-18  |y BK